000 11787namaa22004571i 4500
003 EG-GICUC
005 20260111105732.0
008 251223s2024 ua a|||frm||| 000 0 eng d
040 _aEG-GICUC
_beng
_cEG-GICUC
_dEG-GICUC
_erda
041 0 _aeng
_beng
_bara
049 _aDeposit
082 0 4 _a617.882
092 _a617.882
_221
097 _aPh.D
099 _aCai01.11.12.Ph.D.2024.Ab.R
100 0 _aAbdulrahman Nabil Fathi Abdulghffar,
_epreparation.
245 1 0 _aRole of frequency reallocation using CT guided software on cochlear implant patient's outcome /
_cby Abdulrahman Nabil Fathi Abdulghffar ; Supervisors Prof. Dr. Mohammad Tarek Ghannoum, Prof. Dr. Amira Maged El Shennawy, Prof. Dr. Ramy Edward Ibrahim, Dr. Sarah Mohamed Sheta.
246 1 5 _aتأثير إعادة تخصيص الترددات السمعية باستخدام البرمجة بمساعدة الأشعة المقطعية على نتائج مرضى زراعه القوقع
264 0 _c2024.
300 _a100 pages :
_billustrations ;
_c25 cm. +
_eCD.
336 _atext
_2rda content
337 _aUnmediated
_2rdamedia
338 _avolume
_2rdacarrier
502 _aThesis (Ph.D)-Cairo University, 2024.
504 _aBibliography: pages 87-96.
520 3 _aBackground: In current audiological practice, cochlear implant (CI) programming uses a default frequency allocation to reproduce and mimic the tonotopicity of the normal cochlea. The new concept called anatomy-based fitting (ABF) has the potential to decrease the frequency-to-place mismatch by providing tonotopic electric stimulation using the CI user’s audio processor. ABF is a concept pioneered by MED-EL. After CI surgery, the Otoplan software is used guided by a high-resolution CT imaging to identify the exact position of each electrode inserted. Then, an anatomically based mapping is obtained, that proposes a signal to the neural elements as close as possible to what they perceived before the hearing loss, in an attempt to improve the speech discrimination in CI patients. Objective: To study the difference in hearing outcomes between the individualized ABF of each CI electrode and the default standard frequency fitting that are used for all patients. Also, to study the frequency mismatch between ABF and default fitting and to correlate it with speech outcomes. Methods: 20 post-lingual adults, age from 16 to 55 years, who are implanted with MED- EL CIs, have been included in this prospective interventional cohort study. The postoperative CT scans were evaluated with Otoplan; the position of the intracochlear electrodes was obtained, an anatomical mapping was carried out and submitted to the patients who were using default fitting. All patients underwent aided PTA and speech audiometry before and after ABF and the audiological results were processed considering the Speech discrimination score (SDS) in quiet and in noise and APHAB Questionnaire. Evaluation was done immediately after the ABF and 3 months follow up after regular use. Results: The speech discrimination evaluation (SDS) after 3 months of ABF program showed better SDS in noise, a statistically significant differences were found regarding speech in noise at SNR 0 and -10. The subjective evaluation with APHAB Questionnaire showed better auditory feelings (lower scores) after using ABF map for 3months. There was a significant negative correlation between patient’s SDS and the mismatch average of his electrodes. The more the frequency-to-place mismatch of the electrodes contacts, the worse is the SDS either in quiet or noise. Conclusions: Changing the frequency allocation using OTOPLAN and MAESTRO software during fitting (ABF), would minimize frequency mismatch giving better speech discrimination and auditory feeling results.
520 3 _aفي وقتنا الحالي، تستخدم جراحة زراعة القوقعة الإعدادات الافتراضيه لتخصيص الترددات و التي تهدف إلى تقليد الترتيب الصوتي للقوقعه، وبالتالي تقليد القوقعة الطبيعية. في زراعة القوقعة، يتم وضع مصفوفات الأقطاب جراحيًا داخل القوقعة لتنشيط الألياف العصبية مباشرة من خلال الإشارات الكهربائية، متجاوزة الخلايا الحسية التالفة وعملية التحويل الميكانيكي الكهربائي لخلايا القوقعه. تتكون هذه العملية من وضع الأقطاب الأقرب إلى قاعده القوقعه لتنشيط الجزء المتعلق بالترددات الحاده والأقطاب الأقرب إلى قمه القوقعه لتحفيز المنطقة ذات الترددات المنخفضة. يعتقد أن موقع الأقطاب داخل القوقعة بالنسبة لتشريح الأعصاب القوقعية يؤثر على نتائج تفسير الكلام للمستفيدين من زراعة القوقعة. يحدث عدم توافق الترددات عندما تكون هناك اختلافات بين موقع القطب داخل القوقعة والتشريح الأصلي للقوقعة. ونتيجة لذلك، يصبح فلتر التردد الخاص بالقطب المعين غير متناسق مع الخريطة الصوتية الفسيولوجية للقوقعة. بينما يمكن لمتلقي زراعة القوقعة التكيف مع بعض درجات عدم توافق الترددات ، قد تكون هذه التكيفات غير مكتملة إذا كان عدم توافق كبيرًا جدًا نتيجة لوضع الأقطاب غير المثالي. يمكن أن يحدث الوضع غير المثالي للأقطاب في الحالات التي يتم فيها إدخال القطب بشكل سطحي جدًا أو عميق جدًا. وبالتالي، قد تعيق التغيرات الكبيرة في الترددات فهم و تفسير الكلام عند المريض، أو تزيد من الوقت اللازم للمرضى للوصول إلى درجات فهم كلام الأمثل بعد العملية. يعتبر عامل مهم في عدم توافق الترددات هو طول القناه القوقعي، لذلك يجب قياس طول قناة القوقعه بدقة. وقد أظهرت الدراسات أن طول قناة القوقعه متنوع، حيث يتراوح طولها بين 25 و 45 مم مع اختلافات ملحوظة في الطول حسب الجنس. تم إنشاء برنامج برمجي جديد يعتمد على الأجهزة اللوحية لقياس طول قناة القوقعه وعمق إدخال القطب باستخدام صور الأشعة المقطعية للمرضى. يُطلق على هذا البرنامج اسم OTOPLAN ويمكن استخدامه قبل العملية من قبل طبيب الأنف والأذن والحنجرة لدراسة التشريح القوقعي وتصور عمق إدخال الأقطاب قبل الجراحة، واختيار أفضل مصفوفة أقطاب لذلك المريض؛ بعد العملية، يمكن تطبيقه للتحقق من تخصيص الترددات، والموقع الدقيقه لمصفوفة الأقطاب في القوقعه، ولتحقيق البرمجه المبنيه على التشريح بمساعدة برنامج MAESTRO في هذه الدراسة، كان هدفنا مقارنة البرمجه المبنيه على التشريح بالبرمجه الافتراضيه للترددات من حيث النتائج السمعية. كما تم دراسة عدم توافق الترددات بين البرمجه المبنيه على التشريح و البرمجه الافتراضيه وربطه ذلك بنتائج تفسير الكلام عند المريض. شملت الدراسة مجموعة واحدة من المرضى تراوحت أعمارهم بين 16 و 55 عامًا بمتوسط عمر 32.4، موزعين على 10 ذكور و10 إناث. تم زرع معظم المرضى (%75) بمصفوفة الأقطاب نوع FLEX28 ، في حين تم زرع الآخرين بمصفوفة الأقطاب STANDARD . حيث تم استخراج قياسات عمق إدخال الأقطاب و طول قناة القوقعه بواسطة برنامج OTOPLAN، وكانت قيمة طول قناة القوقعه تتراوح بين 37.7 و 42.3 مم بمتوسط طول قدره 39.8 مم. كما كان عمق إدخال القطب في القوقعة يتراوح بين 365 درجة إلى 672 درجة بمتوسط 527.8 درجة. وبالنسبة لتأثير اختلاف الجنس على طول قناة القوقعه، كانت هناك فروق ذات دلالة إحصائية بين الذكور والإناث، حيث كان متوسط طول قناة القوقعه عند الذكور أعلى من الإناث. تم استخدام نوعين من الأقطاب في هذه الدراسة، حيث كان لكل منهما طول مختلف. وكانت هناك فروق ذات دلالة إحصائية بين نوع القطب مع طول قناة القوقعه ولكن ليس مع عمق إدخال الأقطاب. فيما يتعلق بالتقييم السمعي، تم تقييم المرضى باستخدام برمجه الترددات الافتراضيه ثم باستخدام البرمجه المبنيه على التشريح على الفور وبعد 3 أشهر )متابعة.( أظهرت قياسات السمع بالمعين السمعي عند ترددات 500 و 1000 و 2000 و 4000 هرتز عدم وجود فروق ذات دلالة إحصائية بين كلا الطريقتين في البرمجه. تم تقييم اختبار الكلام بطريقة تفسير الكلام في الصمت وفي الضجيج عند مستويات الضجيج 10+)، 0 و .(10- لم تُظهر الفحوصات الأولية أي فروق ذات دلالة إحصائية في تمييز الكلام بين طريقتي تخصيص الترددات في التقييم الفوري. أظهر تقييم التمييز بين الكلام بعد 3 أشهر من الاستخدام المنتظم لبرنامج البرمجه المبنيه على التشريح نتائج أفضل للكلام في الضوضاء، واختلافات ذات دلالة إحصائية فيما يتعلق بتفسير الكلام في الضوضاء عند مستويات إشارات الضجيج 0 و10- .أظهر التقييم الذاتي باستخدام استبيان APHAB نتائج سمعية أفضل )درجات أقل( بعد استخدام خريطة البرمجه المبنيه على التشريح لمدة 3 أشهر .تم العثور على اختلافات ذات دلالة إحصائية لجميع أقسام الاستبيان الأربع.
530 _aIssues also as CD.
546 _aText in English and abstract in Arabic & English.
650 0 _aCochlear Implants
650 0 _aزراعة القوقعة
653 1 _aanatomy
_afrequency-to-place mismatch
_aOtoplan
_afrequencies reallocation
_abased fitting (ABF)
700 0 _aMohammad Tarek Ghannoum
_ethesis advisor.
700 0 _aAmira Maged El Shennawy
_ethesis advisor.
700 0 _aRamy Edward Ibrahim
_ethesis advisor.
700 0 _aSarah Mohamed Sheta
_ethesis advisor.
900 _b01-01-2024
_cMohammad Tarek Ghannoum
_cAmira Maged El Shennawy
_cRamy Edward Ibrahim
_cSarah Mohamed Sheta
_UCairo University
_FFaculty of Medicine
_DDepartment of Audiology
905 _aShimaa
_eEman Ghareb
942 _2ddc
_cTH
_e21
_n0
999 _c176995